Ser y verdad en Agustín de Hipona

Uloženo v:
Podrobná bibliografie
Hlavní autor: Villalobos, José (Autor)
Médium: Kniha
Jazyk:španělština
Vydáno: Sevilla Universidad de Sevilla 1982
Edice:Anales de la Universidad Hispalense. Serie filosofía y letras
Témata:
Tagy: Přidat tag
Žádné tagy, Buďte první, kdo vytvoří štítek k tomuto záznamu!

MARC

LEADER 00000nam a2200000 a 4500
001 UCY7018
003 CL-VaPUC
008 950602e19820000SP |||||||||||||||||spa|d
082 0 4 |a 189.2  |b VIL  |2 21 
100 0 |a Villalobos, José  |e author  |9 337289 
245 1 0 |a Ser y verdad en Agustín de Hipona 
300 |a 285 p 
942 |c BK 
945 |d 19950602 00:00:00  |a oaravena 
260 |a Sevilla  |b Universidad de Sevilla  |c 1982 
600 0 |a San Agustín de Hipona  |x Teólogo y filósofo cristiano   |9 311590 
650 0 |a Filosofía   |9 223554 
650 7 |a SER  |2 CL-VaPUC  |9 320176 
650 0 |a Edad media  |9 258041 
650 7 |a HOMBRE  |2 CL-VaPUC  |9 262149 
650 0 |a Filosofía del espíritu  |9 320175 
650 0 |a Ontología   |9 256850 
583 |a last modification  |c 19950602 00:00:00  |k Rodrigo Vera 
490 0 |a Anales de la Universidad Hispalense. Serie filosofía y letras 
999 |c 234493  |d 234491 
952 |0 0  |1 0  |4 0  |6 189_200000000000000_VIL_1982  |7 0  |8 A  |9 240896  |a BIBEDU  |b BIBEDU  |d 2019-11-18  |i 1514229  |l 4  |m 2  |o 189.2 VIL 1982  |p 1514229  |q 2024-08-02  |r 2024-07-03  |s 2024-07-03  |w 2019-11-18  |y BK  |k FIL